Deutsche Vereine daran erkennen, welche Spieler dort spielten #1 - Statistiken

Allgemein
  • Dieses Quiz wurde 795 mal gespielt
  • Das Durchschnittsergebnis liegt bei 9 aus 10
Antwortstatistiken
Spieler Spieler Spieler Spieler Verein % Korrekt
Joel Matip Manuel Neuer Ivan Rakitic Max Meyer Schalke 04
98%
Lars Ricken Andi Möller Christian Pulisic Michael Zorc Borussia Dortmund
96%
Günther Netzer Lothar Matthäus Marco Reus Jupp Heynckes Borussia Mönchengladbach
90%
Sami Khedira Timo Werner Antonio Rüdiger Bernd Leno VFB Stuttgart
89%
Naldo Klaus Fichtel Felix Kroos Davie Selke Werder Bremen
89%
Michael Cuisance Sandro Wagner Nils Petersen Didi Hamann Bayern München
86%
Ante Rebic Danny Da Costa Frederik Rönnow Luka Jovic Eintracht Frankfurt
86%
Leon Goretzka Christoph Kramer Armel Bella-Kotchap Simon Terrode VFL Bochum
82%
Sven Michel Robert Andrich Marcel Hartel Max Kruse Union Berlin
78%
Max Kruse Fin Bartels Gerald Asamoah Johannes Eggestein St. Pauli
57%
Keine übereinstimmenden Quizze gefunden
Verteilung der Resultate
Anzahl Personen mit jedem Resultat
Perzentil nach korrekt beantworteten Fragen
Ihre Resultats-Entwicklung
Sie haben dieses Quiz noch nicht gespielt